Little mix - Statistiques

Statistiques générales
  • Ce quiz a été pris 291 fois
  • Le résultat moyen est 10 sur 11
Statistiques - réponses
Qui Quoi % Correct
Perrie Est sortie avec Zayn Malik
99%
Jade Soutient énormément les LGBT
97%
Perrie N'a pas le sens de l'odorat
95%
Jade A souffert d'anorexie
91%
Perrie Adore les animaux
91%
Jesy Rêve d'être rousse de naissance
90%
Jesy Adore danser
90%
Perrie A une cicatrice sur le ventre
90%
Jesy Possède le plus de tatouages
89%
Leigh-anne N'a pas été citée dans ce quizz
89%
Perrie Est la plus jeune
89%
Aucun quiz correspondant
Distribution des résultats
% des personnes avec chaque résultat
Percentile par nombre de réponses
Votre historique - résultats
Vous n’avez pas pris ce quiz